000 00767nam a2200253Ia 4500
003 OSt
005 20220930093821.0
006 a|||||r|||| 00| 0
007 ta
008 220926b |||||||| |||| 00| 0 urd d
024 _a62642
037 _cTheses
040 _aCRL
_cCRL
_burd
041 _2urd
_aurd
100 _aGhafoor Bushra Au.
_9553388
110 _aUniversity of Delhi. Faculty of Arts. Department of Urdu
245 0 _a1857 ke ghadar ki dastaveezaat aur tasneefaat ka adabi jaizah
260 _c2018
300 _a262p.
_ap.
_ccm.
700 _a Mohsin Mohammad Gu.
_9553389
700 _aUniversity of Delhi. Faculty of Arts. Department of Urdu
942 _cDIS
_2CC
999 _c886042
_d886042